The secret hero / (Record no. 10245)

MARC details
000 -LEADER
fixed length control field 00512nam a22001697a 4500
003 - CONTROL NUMBER IDENTIFIER
control field OSt
005 - DATE AND TIME OF LATEST TRANSACTION
control field 20260505032346.0
008 - FIXED-LENGTH DATA ELEMENTS--GENERAL INFORMATION
fixed length control field 260505b |||||||| |||| 00| 0 eng d
020 ## - INTERNATIONAL STANDARD BOOK NUMBER
International Standard Book Number 9781476758589
040 ## - CATALOGING SOURCE
Original cataloging agency DWCL Main Lib.
Transcribing agency OC
082 ## - DEWEY DECIMAL CLASSIFICATION NUMBER
Classification number F B995s 2013
100 ## - MAIN ENTRY--PERSONAL NAME
Personal name Byrne, Rhonda
Relator term Author
245 ## - TITLE STATEMENT
Title The secret hero /
Statement of responsibility, etc. Rhonda Byrne
260 ## - PUBLICATION, DISTRIBUTION, ETC.
Place of publication, distribution, etc. New York :
Name of publisher, distributor, etc. Atria Books, a division of Simon & Schuster,
Date of publication, distribution, etc. c2013.
300 ## - PHYSICAL DESCRIPTION
Extent ix , 255 pages :
Other physical details colored illustrations ;
Dimensions 20cm.
942 ## - ADDED ENTRY ELEMENTS (KOHA)
Source of classification or shelving scheme Dewey Decimal Classification
Koha item type Fiction
Suppress in OPAC No
952 ## - LOCATION AND ITEM INFORMATION (KOHA)
--
Holdings
Withdrawn status Lost status Source of classification or shelving scheme Damaged status Not for loan Home library Current library Shelving location Date acquired Source of acquisition Total Checkouts Full call number Barcode Date last seen Copy number Price effective from Koha item type Uniform Resource Identifier
    Dewey Decimal Classification     Junior High School Library Junior High School Library Fiction 09/19/2016 Library Fund   F B995s 2013 JHS - 19058 05/05/2026 c1 05/05/2026 FIC.